000 01573pam a2200457 i 4500
001 sjds1008661
003 sjds
005 20170719165807.0
008 040312t20042004dcu b 000 1 eng
010 _a 2004006046
020 _a0878688943 (alk. paper)
020 _a9780439696685 (Scholastic : pbk.)
020 _a0439696682 (Scholastic : pbk.)
035 _a288700
035 _a(OCoLC)54822527
035 _a288700
035 _a288700
040 _beng
_erda
_csjds
041 _aeng
100 1 _aPenn, Audrey,
_d1947-
_eauthor.
245 1 2 _aA pocket full of kisses /
_cAudrey Penn ; illustrated by Barbara Leonard Gibson.
260 _aWashington, D.C. :
_bScholastic,
_cc2004
264 1 _aWashington, D.C. :
_bChild & Family Press,
_c[2004]
264 4 _cc2004
300 _a1 volume (unpaged) :
_bcolor illustrations ;
_c27 cm
336 _atext
_btxt
_2rdacontent
337 _aunmediated
_bn
_2rdamedia
338 _avolume
_bnc
_2rdacarrier
520 _aChester Raccoon is worried that his mother does not have enough love for both him and his new baby brother.
521 8 _aAD 830
_bLexile
526 0 _aAccelerated Reader
_bLG
_c3.7
_d0.5
_z83532
526 0 _aAccelerated Reader AR
_bLG
_c3.7
_d0.5
_z83532.
650 0 _aMother and child
_vJuvenile fiction.
650 0 _aSibling rivalry
_vJuvenile fiction.
650 0 _aRomance fiction
_vJuvenile literature.
650 0 _aInfants
_vJuvenile fiction.
650 0 _aRaccoon
_vJuvenile fiction.
655 7 _aRomance fiction.
_2lcgft
700 1 _aGibson, Barbara.
942 _cREF
999 _c18603
_d18603